The strains of economic growth: labor unrest and social dissatisfaction in Korea
Guardat en:
| Autors principals: | , , , , , |
|---|---|
| Format: | Llibre |
| Idioma: | anglès |
| Publicat: |
Cambridge
Harvard Institute for International Development
1997
|
| Col·lecció: | Harvard Studies in International Development
|
| Matèries: | |
| Etiquetes: |
Afegir etiqueta
Sense etiquetes, Sigues el primer a etiquetar aquest registre!
|
MARC
| LEADER | 00000nam a2200000 a 4500 | ||
|---|---|---|---|
| 001 | UCR6093 | ||
| 003 | CL-VaPUC | ||
| 008 | 980420e19970000us |||||||||||||||||eng|d | ||
| 082 | 0 | 4 | |a 338.951 |b LIN |2 21 |
| 100 | |a Lindauer, David L. |e autor |9 407229 | ||
| 700 | 0 | |a Kim, Jong Gie |e author |9 407230 | |
| 700 | 0 | |a Lee, Joung Woo |e author |9 407231 | |
| 700 | 0 | |a Lim, Hy Sop |e author |9 407232 | |
| 700 | 0 | |a Son, Jae Young |e author |9 407233 | |
| 700 | 0 | |a Vogel, Erza F |e author |9 407234 | |
| 245 | 1 | 4 | |a The strains of economic growth: labor unrest and social dissatisfaction in Korea |
| 300 | |a 194 p | ||
| 942 | |c BK | ||
| 945 | |d 19980420 00:00:00 |a rleighto | ||
| 260 | |a Cambridge |b Harvard Institute for International Development |c 1997 | ||
| 650 | 0 | |a Condiciones económicas |9 258255 | |
| 650 | 0 | |a Conflictos sociales |9 372024 | |
| 650 | 0 | |a Clases sociales |9 256858 | |
| 650 | 7 | |a DESARROLLO RURAL |2 CL-VaPUC |9 407235 | |
| 650 | 0 | |a Crecimiento económico |9 314037 | |
| 651 | 7 | |a COREA |2 CL-VaPUC |9 317315 | |
| 583 | |a last modification |c 20171017 12:31:19 |k Rodrigo Vera | ||
| 490 | 0 | |a Harvard Studies in International Development | |
| 999 | |c 268400 |d 268398 | ||
| 952 | |0 0 |1 0 |4 0 |6 338_951000000000000_LIN_1997 |7 0 |8 A |9 301541 |a BIBGIM |b BIBGIM |d 2019-11-20 |i 3411400 |o 338.951 LIN 1997 |p 3411400 |r 2025-01-15 |w 2019-11-20 |y BK |k ORI | ||